000 01034nmm a2200337 a 4500
003 AR-BaBNM
005 20251128202834.0
008 266019s1962 ||||||||||||||000 | spa||
040 _cAR-BaBNM
100 1 _aTunk, Eduard von
245 1 0 _aHistoria universal de la literatura
_bla literatura de occidente hasta época de la revoluciones. La literatura oriental. 2
260 _aMadrid
_bRevista de Occidente
_c1962
300 0 _a357 p.
_bláms., il.
600 1 4 _aMoro, Tomás
_d1478-1535
600 0 4 _aErasmo de Rotterdam
_d1467?-1536
600 1 4 _aShakespeare, William
600 1 4 _aCervantes Saavedra, Miguel de
600 1 4 _aRacine, Jean-Baptiste
650 4 _aINVESTIGACION LITERARIA
650 4 _aFILOSOFIA LITERARIA
650 4 _aHUMANISMO
650 4 _aRACIONALISMO
650 4 _aROMANTICISMO
650 4 _aLITERATURA ASIATICA
650 4 _aREVOLUCION CULTURAL
653 0 _aLITERATURA ESLAVA
655 _aLITERATURA
700 1 _aSánchez de Aleu, Dolores
_etraductor
942 _cBK
998 _cisola
999 _c822
_d822